Harry Potter Top 200 F Surnames Quiz Stats

 Plays Quiz not verified by Sporcle

Score 0/9 Timer 02:00
0 Plays Today
% Correct
Flitwick
85.7%
Finnigan
71.8%
Filch
71.7%
Fudge
65.1%
Figg
62.6%
Finch-Fletchley
56.9%
Flint
53.9%
Fletcher
49.7%
Flamel
45.2%

You're not logged in!

Compare scores with friends on all Sporcle quizzes.
OR
Log In

Show Comments

Extras

Top Quizzes Today


Score Distribution

Your Account Isn't Verified!

In order to create a playlist on Sporcle, you need to verify the email address you used during registration. Go to your Sporcle Settings to finish the process.

Report this User

Report this user for behavior that violates our Community Guidelines.

Details: